[Event "Mistrzostwa Polski Juniorow Mlodszych do lat 12 - OOM Zachodniopomorskie 2023"]
[Site "Darlowek"]
[Date "1899-12-30"]
[Round "7.8"]
[White "Radzimski, Antoni"]
[Black "Kaszuba, Michal"]
[Result "1-0"]
[WhiteTitle "I++"]
[BlackTitle "II+"]
[WhiteElo "1960"]
[BlackElo "1527"]

1. e4 c5 2. Nf3 g6 3. d4 cxd4 4. Nxd4 Nc6 5. Nc3 Bg7 6. Be3 Nf6 7. Bc4 Qa5 8. O-O
O-O 9. Bb3 d6 10. h3 Bd7 11. Re1 Rad8 12. Nd5 e6 13. Nc3 Nxd4 14. Bxd4 Bc6 15.
Qd3 d5 16. e5 Nd7 17. Qe3 Qc7 18. f4 b6 19. Kh1 Rfe8 20. Rad1 Bf8 21. h4 Bc5 22.
h5 Bxd4 23. Rxd4 Nc5 24. hxg6 hxg6 25. f5 exf5 26. Bxd5 Kg7 27. b4 Ne4 28. Bxc6
Qxc6 29. Nxe4 fxe4 30. c4 Qa4 31. a3 Rxd4 32. Qxd4 Re6 33. Re3 Qc2 34. Kh2 g5
35. Rxe4 Rh6+ 36. Kg3 Re6 37. Qe3 Kg6 38. Rd4 Qf5 39. Rd6 f6 40. Rxe6 Qxe6 41.
Qd3+ Kh6 42. Qd6 Qxc4 43. Qxf6+ Kh5 44. Qf5 Kh6 45. e6 Qc7+ 46. Kh3 Qc3+ 47. g3
Qc6 48. Qf6+ Kh7 49. Kg4 Qe4+ 50. Kxg5 Qe3+ 51. Qf4 Qb3 52. Qf5+ Kh8 53. Qe5+
Kh7 54. e7 Qg8+ 55. Kh4 Qc4+ 56. g4 Qc1 57. e8=Q Qh1+ 58. Kg5 Qc1+ 59. Qe3 Qxe3+
60. Qxe3 1-0

[Event "Mistrzostwa Polski Juniorow Mlodszych do lat 12 - OOM Zachodniopomorskie 2023"]
[Site "Darlowek"]
[Date "1899-12-30"]
[Round "7.9"]
[White "Perucki, Maciej"]
[Black "Korszanski, Stanislaw"]
[Result "1-0"]
[WhiteTitle "I"]
[BlackTitle "I"]
[WhiteElo "1526"]
[BlackElo "1622"]

1. d4 Nf6 2. Bg5 d5 3. Bxf6 exf6 4. Nf3 Bf5 5. e3 Bd6 6. c4 c6 7. Nc3 dxc4 8. Bxc4
b5 9. Bd3 Bxd3 10. Qxd3 b4 11. Ne4 Be7 12. O-O O-O 13. Rfc1 Qb6 14. Nc5 Rd8 15.
Qe4 Bf8 16. Nd2 a5 17. Na4 Qb5 18. b3 Ra7 19. Rc2 Rc7 20. Rac1 Rdc8 21. Nc4 Nd7
22. Qf3 c5 23. d5 Ne5 24. Nxe5 fxe5 25. Rc4 Rd8 26. e4 Rdc8 27. Qe3 Bd6 28. g3
f6 29. R1c2 Be7 30. f4 Qa6 31. Qf2 Qd6 32. Qf3 Qd7 33. Nb6 Qd8 34. Nxc8 Qxc8 35.
fxe5 fxe5 36. Rf2 Bf6 37. Qf5 Qf8 38. Qe6+ Kh8 39. Kg2 h6 40. Qxe5 Re7 41. Qh5
Re5 42. Qxe5 1-0

[Event "Mistrzostwa Polski Juniorow Mlodszych do lat 12 - OOM Zachodniopomorskie 2023"]
[Site "Darlowek"]
[Date "1899-12-30"]
[Round "7.10"]
[White "Wojciechowski, Szymon"]
[Black "Morozov, Artem"]
[Result "1/2-1/2"]
[WhiteTitle "II+"]
[BlackTitle "II+"]
[WhiteElo "1479"]
[BlackElo "1452"]

1. e4 e6 2. d4 d5 3. e5 c5 4. c3 Qb6 5. Nf3 Bd7 6. a3 Bb5 7. b4 cxd4 8. Bxb5+ Qxb5
9. cxd4 Ne7 10. Nc3 Qb6 11. O-O Nbc6 12. Be3 Nf5 13. Na4 Qd8 14. Nc5 Bxc5 15.
bxc5 Nxe3 16. fxe3 O-O 17. Rb1 b6 18. cxb6 axb6 19. Qd3 Qe7 20. Ra1 Rfb8 21. a4
h6 22. Rfb1 Qd7 23. Nd2 Ra7 24. Nb3 Nb4 25. Qb5 Qxb5 26. axb5 Rxa1 27. Nxa1 Ra8
28. Rxb4 Rxa1+ 29. Kf2 Rc1 30. Rb3 g5 31. g4 Kg7 32. h3 Kg6 33. Kg2 h5 34. Kf2
hxg4 35. hxg4 Rc4 36. Kg3 f6 37. exf6 Kxf6 38. Rb1 Rc3 39. Kf2 e5 40. Rh1 exd4
41. exd4 Kg6 42. Re1 Rd3 43. Re6+ Kf7 44. Rxb6 Rxd4 45. Rb8 Rxg4 46. b6 Rb4 47.
b7 Kg7 48. Kg3 d4 49. Rd8 Rxb7 50. Rxd4 Kg6 51. Kg4 Rb6 52. Ra4 Rf6 53. Rb4 Rf4+
54. Rxf4 gxf4 55. Kxf4 1/2-1/2

[Event "Mistrzostwa Polski Juniorow Mlodszych do lat 12 - OOM Zachodniopomorskie 2023"]
[Site "Darlowek"]
[Date "1899-12-30"]
[Round "7.11"]
[White "Jasiulewicz, Kamil"]
[Black "Pekala, Dawid"]
[Result "0-1"]
[WhiteTitle "II"]
[BlackTitle "I"]
[WhiteElo "1486"]
[BlackElo "1405"]

1. d4 Nf6 2. Nf3 e6 3. g3 d5 4. Bg2 c5 5. O-O Nc6 6. c3 cxd4 7. cxd4 Bd6 8. Nc3
a6 9. Bg5 O-O 10. Re1 Be7 11. a3 b5 12. Qc2 Bb7 13. b4 Qb6 14. e3 h6 15. Bf4 Rac8
16. Qb3 Rfd8 17. Be5 Nd7 18. e4 Ndxe5 19. dxe5 Nd4 20. Nxd4 Qxd4 21. Ne2 Qxe5
22. exd5 Bxd5 23. Bxd5 Qxd5 24. Qxd5 Rxd5 25. Nf4 Rd2 26. Rac1 Rcc2 27. Rxc2 Rxc2
28. Kg2 Bf6 29. Rd1 Ra2 30. Rd3 Kf8 31. Kf3 Bb2 32. Ke3 Bxa3 33. Rb3 Bc1+ 34.
Kf3 Bxf4 35. gxf4 Ke7 36. Ke3 Kf6 37. Kf3 Rc2 38. h4 Kf5 39. Ra3 Rc4 40. Rxa6
Rxf4+ 0-1

[Event "Mistrzostwa Polski Juniorow Mlodszych do lat 12 - OOM Zachodniopomorskie 2023"]
[Site "Darlowek"]
[Date "1899-12-30"]
[Round "7.12"]
[White "Rajbharath, Harjith"]
[Black "Czeremcha, Piotr"]
[Result "1/2-1/2"]
[WhiteTitle "II"]
[BlackTitle "II"]
[WhiteElo "1477"]
[BlackElo "1382"]

1. d4 Nf6 2. Nf3 g6 3. c4 Bg7 4. Nc3 d6 5. e4 O-O 6. Be2 e5 7. O-O Nbd7 8. dxe5
dxe5 9. h3 c6 10. Be3 Qc7 11. Qc2 Rd8 12. Rad1 Nh5 13. Ne1 Nf4 14. Nd3 Nxd3 15.
Qxd3 Re8 16. b4 Nf6 17. Bc5 Be6 18. Qd6 Qxd6 19. Bxd6 Nd7 20. b5 Bf8 21. Bxf8
Kxf8 22. bxc6 bxc6 23. Rd6 Rec8 24. Rb1 Ke7 25. Rd2 Rab8 26. Rdb2 Rxb2 27. Rxb2
Rb8 28. Rxb8 Nxb8 29. Na4 Nd7 30. Kf1 Kd6 31. Ke1 Nc5 32. Nc3 Nb7 33. Na4 Nc5
1/2-1/2

[Event "Mistrzostwa Polski Juniorow Mlodszych do lat 12 - OOM Zachodniopomorskie 2023"]
[Site "Darlowek"]
[Date "1899-12-30"]
[Round "7.13"]
[White "Sakharchuk, Aliaksandr"]
[Black "Kisiel, Wiktor"]
[Result "1-0"]
[WhiteTitle "II+"]
[BlackTitle "II"]
[WhiteElo "1378"]
[BlackElo "1458"]

1. e4 c5 2. Nf3 e6 3. c3 Nf6 4. e5 Nd5 5. d4 cxd4 6. cxd4 d6 7. exd6 Bxd6 8. Nc3
O-O 9. Bd3 Nc6 10. a3 h6 11. O-O a6 12. Re1 Qc7 13. Bd2 b5 14. Rc1 Qb6 15. Be3
Nxe3 16. fxe3 e5 17. Nd5 Qb7 18. Be4 f5 19. Bb1 e4 20. Nd2 Nxd4 21. Nxe4 fxe4
22. Qxd4 Qb8 23. h3 Bxh3 24. gxh3 Bb4 25. Re2 1-0

[Event "Mistrzostwa Polski Juniorow Mlodszych do lat 12 - OOM Zachodniopomorskie 2023"]
[Site "Darlowek"]
[Date "1899-12-30"]
[Round "7.14"]
[White "Mielcuch, Karol"]
[Black "Smolinski, Wojciech"]
[Result "0-1"]
[WhiteTitle "II"]
[BlackTitle "II"]
[WhiteElo "1363"]
[BlackElo "1439"]

1. c4 Nf6 2. g3 d5 3. cxd5 Nxd5 4. Bg2 g6 5. Nc3 Nxc3 6. bxc3 Bg7 7. d4 c5 8. Nf3
cxd4 9. cxd4 Nc6 10. e3 O-O 11. O-O Be6 12. Re1 h6 13. Rb1 Rb8 14. a3 Qd7 15.
Bb2 Rfd8 16. Qe2 b5 17. Red1 Bb3 18. Rd2 Bc4 19. Qe1 e6 20. Rc1 Na5 21. Rdd1 Nb3
22. Rc3 Nc5 23. Bf1 Na4 24. Rc2 Bb3 25. Rcd2 Bxd1 26. Qxd1 Nxb2 27. Rxb2 Rdc8
28. Qb1 Qc6 29. Qd1 a5 30. Ne1 b4 31. axb4 axb4 32. Nd3 Qc3 33. Rb3 Qc7 34. Rxb4
Rxb4 35. Nxb4 Qa5 36. Nd3 Rb8 37. Qc2 Qa1 38. Kg2 h5 39. h4 Qa8+ 40. Kh2 Qa5 41.
Nc5 Qd8 42. Qc4 g5 43. Qe2 gxh4 44. Qxh5 hxg3+ 45. fxg3 e5 46. Bc4 Rb2+ 47. Kh3
Qc8+ 48. g4 Qc7 49. Bd3 exd4 50. Bh7+ Kf8 51. Nd7+ Qxd7 52. Qc5+ Ke8 53. Be4 Rb5
54. Qc6 Ra5 55. Qb6 Rh5+ 56. Kg3 Be5+ 57. Kf3 Rh3+ 58. Kf2 dxe3+ 59. Kg1 Qd1+
60. Kg2 Qh1# 0-1

[Event "Mistrzostwa Polski Juniorow Mlodszych do lat 12 - OOM Zachodniopomorskie 2023"]
[Site "Darlowek"]
[Date "1899-12-30"]
[Round "7.15"]
[White "Lesik, Sebastian"]
[Black "Wons, Krystian"]
[Result "1-0"]
[WhiteTitle "II"]
[BlackTitle "I"]
[WhiteElo "1358"]
[BlackElo "1422"]

1. d4 Nf6 2. c4 g6 3. Nc3 d5 4. cxd5 Nxd5 5. e4 Nxc3 6. bxc3 Bg7 7. Be3 c5 8. Qd2
Qa5 9. Nf3 Nc6 10. Be2 O-O 11. Rc1 Rd8 12. d5 e6 13. O-O exd5 14. exd5 c4 15.
Bxc4 Ne7 16. Bg5 Qc7 17. Qe2 Re8 18. Rfe1 Bf8 19. d6 Qxd6 20. Rcd1 Qc5 21. Bb5
Nc6 22. Qxe8 Bg4 23. Qxa8 Bxf3 24. Bxc6 Bxd1 25. Be7 1-0

[Event "Mistrzostwa Polski Juniorow Mlodszych do lat 12 - OOM Zachodniopomorskie 2023"]
[Site "Darlowek"]
[Date "1899-12-30"]
[Round "7.16"]
[White "Seemann, Adam"]
[Black "Zalewski, Witold"]
[Result "1/2-1/2"]
[WhiteTitle "II"]
[BlackTitle "II"]
[WhiteElo "1381"]
[BlackElo "1292"]

1. e4 e6 2. d4 d5 3. Nd2 c5 4. exd5 Qxd5 5. Ngf3 Nf6 6. Bc4 Qd8 7. O-O cxd4 8.
Nb3 Be7 9. Nbxd4 O-O 10. Bf4 a6 11. Re1 Bd7 12. Qe2 Nc6 13. Rad1 Qb6 14. Bb3 Rfd8
15. Nxc6 Bxc6 16. Rxd8+ Rxd8 17. Bxe6 Bxf3 18. Bxf7+ Kxf7 19. Qxe7+ Kg6 20. Bc7
Qc6 21. Bxd8 Bxg2 22. Re6 Qf3 23. Rxf6+ gxf6 24. Qxf6+ Qxf6 25. Bxf6 Bd5 26. Bd4
Bxa2 27. c3 Kf5 28. Kg2 Bd5+ 29. Kg3 h5 30. b4 Bc6 31. f4 Bd5 32. Be5 Be4 33.
c4 Bd3 34. c5 Be4 35. Kh4 Bf3 36. Kg3 Be4 37. Kh4 Bf3 38. Kg3 Be4 1/2-1/2

[Event "Mistrzostwa Polski Juniorow Mlodszych do lat 12 - OOM Zachodniopomorskie 2023"]
[Site "Darlowek"]
[Date "1899-12-30"]
[Round "7.17"]
[White "Staniczek, Kacper"]
[Black "Reterski, Wiktor"]
[Result "1/2-1/2"]
[WhiteTitle "I"]
[BlackTitle "II"]
[WhiteElo "1464"]
[BlackElo "1247"]

1. e4 c5 2. Nf3 e6 3. d4 cxd4 4. Nxd4 Nf6 5. Nc3 Nc6 6. g3 Bb4 7. Bg2 d5 8. exd5
Nxd5 9. Nxc6 bxc6 10. O-O Bd7 11. Nxd5 cxd5 12. c3 Bc5 13. c4 Bc6 14. cxd5 Bxd5
15. Bxd5 Qxd5 16. Qa4+ Ke7 17. Bf4 Qd4 18. Qxd4 Bxd4 19. Rfd1 e5 20. Be3 Bxe3
21. fxe3 Rhd8 22. Rac1 Rxd1+ 23. Rxd1 Rc8 24. Rd2 Ke6 25. Kg2 Rc1 26. Kf3 h5 27.
h3 Rf1+ 28. Kg2 Ra1 29. a3 e4 30. Rd4 f5 31. h4 Rc1 32. Rb4 Rc2+ 33. Kf1 g6 34.
Rb7 f4 35. exf4 Kf5 36. Rb3 Kg4 37. a4 a5 38. Ke1 Rg2 39. Re3 Rxg3 40. Rxe4 Rb3
41. Re5 Rxb2 42. Rxa5 Kxf4 43. Rg5 1/2-1/2

[Event "Mistrzostwa Polski Juniorow Mlodszych do lat 12 - OOM Zachodniopomorskie 2023"]
[Site "Darlowek"]
[Date "1899-12-30"]
[Round "7.18"]
[White "Rutkowski, Feliks"]
[Black "Madejski, Milosz"]
[Result "1-0"]
[WhiteTitle "II"]
[BlackTitle "II"]
[WhiteElo "1413"]
[BlackElo "1236"]

1. c4 e5 2. e3 c5 3. Nc3 Nc6 4. g3 b6 5. Bg2 Bb7 6. Nge2 Rb8 7. O-O Nf6 8. e4 d6
9. f4 Nd4 10. d3 Qc7 11. f5 Be7 12. g4 h6 13. Ng3 Bc6 14. h4 Nh7 15. g5 hxg5 16.
hxg5 Bxg5 17. Bxg5 Nxg5 18. f6 g6 19. Qg4 Nge6 20. Nd5 Bxd5 21. exd5 Nf4 22. Rxf4
exf4 23. Re1+ Kf8 24. Re7 Qc8 25. Qxf4 Qd8 26. Be4 a6 27. Qg4 Rh6 28. Qg5 Rh3
29. Rxf7+ Ke8 30. Kg2 Nf5 31. Bxf5 Rb7 32. Rxb7 Rxg3+ 33. Kxg3 Qxf6 34. Qxf6 gxf5
35. Qh8# 1-0

[Event "Mistrzostwa Polski Juniorow Mlodszych do lat 12 - OOM Zachodniopomorskie 2023"]
[Site "Darlowek"]
[Date "1899-12-30"]
[Round "7.19"]
[White "Mroczkowski, Adam"]
[Black "Golab, Antoni"]
[Result "0-1"]
[WhiteTitle "II"]
[BlackTitle "II"]
[WhiteElo "1402"]
[BlackElo "1215"]

1. e4 c5 2. Nf3 d6 3. d4 cxd4 4. Nxd4 Nf6 5. Nc3 g6 6. Bc4 Bg7 7. f3 Nc6 8. Be3
O-O 9. Bb3 Bd7 10. Qd2 Rc8 11. g4 Ne5 12. h4 h5 13. gxh5 Nxh5 14. Bh6 Qb6 15.
Bxg7 Kxg7 16. Nd5 Qd8 17. O-O-O Nc4 18. Qe2 Ng3 19. Qg2 Nxh1 20. Bxc4 Rxc4 21.
Ne3 Rxd4 22. Rxd4 Qb6 23. Rd3 Rc8 24. Qxh1 Qa6 25. a3 Qxd3 0-1

[Event "Mistrzostwa Polski Juniorow Mlodszych do lat 12 - OOM Zachodniopomorskie 2023"]
[Site "Darlowek"]
[Date "1899-12-30"]
[Round "7.20"]
[White "Szymczyk, Jan"]
[Black "Hlubek, Tymoteusz"]
[Result "1/2-1/2"]
[WhiteTitle "II"]
[BlackTitle "II+"]
[WhiteElo "1269"]
[BlackElo "1203"]

1. e4 c6 2. d4 d5 3. Nc3 dxe4 4. Nxe4 Bf5 5. Ng3 Bg6 6. h4 h6 7. Nf3 Nd7 8. h5
Bh7 9. Bd3 Bxd3 10. Qxd3 e6 11. Bf4 Qa5+ 12. Bd2 Qc7 13. O-O-O O-O-O 14. Qe2 Ngf6
15. Ne5 Nxe5 16. dxe5 Nd7 17. Bc3 Be7 18. f4 Nc5 19. Ne4 Nxe4 20. Qxe4 Rd5 21.
Rxd5 cxd5 22. Qf3 Rd8 23. Rd1 Bc5 24. Bd4 Bxd4 25. Rxd4 Qe7 26. g4 Rd7 27. Kd2
Rc7 28. f5 Qh4 29. c3 Qh2+ 30. Qe2 Qxe2+ 31. Kxe2 Re7 32. fxe6 fxe6 33. Rf4 Kd7
34. Kf3 Ke8 35. Kg3 Rf7 36. Rxf7 Kxf7 37. Kh4 Ke7 38. Kg3 Kd7 39. Kf3 Kc6 40.
Ke3 Kc5 41. Kd3 1/2-1/2

[Event "Mistrzostwa Polski Juniorow Mlodszych do lat 12 - OOM Zachodniopomorskie 2023"]
[Site "Darlowek"]
[Date "1899-12-30"]
[Round "7.21"]
[White "Marcinkowski, Adam"]
[Black "Ladon, Tymoteusz"]
[Result "0-1"]
[WhiteTitle "II"]
[BlackTitle "II"]
[WhiteElo "1363"]
[BlackElo "1292"]

1. d4 Nf6 2. c4 g6 3. Nc3 Bg7 4. e4 d6 5. Nf3 O-O 6. Be2 e5 7. dxe5 dxe5 8. Qxd8
Rxd8 9. Bg5 Re8 10. Nd5 Nxd5 11. cxd5 Bd7 12. Nd2 f6 13. Be3 c6 14. Bc4 Kh8 15.
O-O cxd5 16. Bxd5 Nc6 17. Nc4 Bf8 18. Rfd1 Be6 19. Bxc6 bxc6 20. Nd6 Red8 21.
Bc5 Bxd6 22. Bxd6 Rd7 23. Rac1 Rad8 24. Rxc6 Bxa2 25. Kf1 Bb3 26. Rd2 Ba4 27.
Rc3 Rxd6 28. Rxd6 Rxd6 29. Rc8+ Kg7 30. f3 a6 31. Ke2 Rb6 32. Rc7+ Kh6 33. Rf7
Rxb2+ 34. Kf1 Bb5+ 35. Kg1 a5 36. Rxf6 Kg7 37. Re6 a4 38. Rxe5 a3 39. Re7+ Kg8
40. Ra7 a2 41. f4 Rb1+ 42. Kf2 Rf1+ 43. Ke3 a1=Q 44. Rxa1 Rxa1 45. g4 Ra4 46.
e5 Bd7 47. h3 Kf7 48. Kf3 Bc6+ 49. Kf2 Rxf4+ 50. Ke3 Re4+ 0-1

[Event "Mistrzostwa Polski Juniorow Mlodszych do lat 12 - OOM Zachodniopomorskie 2023"]
[Site "Darlowek"]
[Date "1899-12-30"]
[Round "7.22"]
[White "Chmiel, Krzysztof"]
[Black "Goralski, Mateusz"]
[Result "0-1"]
[WhiteTitle "II"]
[BlackTitle "II"]
[WhiteElo "1283"]
[BlackElo "1341"]

1. e4 c5 2. Nf3 d6 3. d4 cxd4 4. Nxd4 Nf6 5. Nc3 a6 6. h3 e5 7. Nde2 h5 8. Be3
Be6 9. g3 Nbd7 10. Bg2 b5 11. a3 Nb6 12. Bxb6 Qxb6 13. Qd2 Be7 14. f4 Bc4 15.
fxe5 dxe5 16. Nd5 Nxd5 17. exd5 Rd8 18. b3 Bxe2 19. Qxe2 Qd4 20. Ra2 Qc3+ 21.
Kd1 Qxg3 22. Re1 O-O 23. a4 b4 24. a5 Bg5 25. Ra4 Qf4 26. Qc4 Qd2# 0-1

[Event "Mistrzostwa Polski Juniorow Mlodszych do lat 12 - OOM Zachodniopomorskie 2023"]
[Site "Darlowek"]
[Date "1899-12-30"]
[Round "7.23"]
[White "Iwan, Patryk"]
[Black "Wasiluk, Dominik"]
[Result "1/2-1/2"]
[WhiteTitle "II"]
[BlackTitle "II+"]
[WhiteElo "1297"]
[BlackElo "1335"]

1. e4 c5 2. Nf3 a6 3. c3 d5 4. exd5 Qxd5 5. d4 cxd4 6. cxd4 Bg4 7. Be2 e6 8. Nc3
Qd8 9. O-O Nf6 10. Bg5 Be7 11. Re1 O-O 12. Qd2 Nc6 13. Rad1 Re8 14. Ne5 Bxe2 15.
Rxe2 Nd5 16. Bxe7 Ncxe7 17. Ne4 Ng6 18. g3 Rc8 19. a3 Qc7 20. Nd3 b6 21. Nb4 Nge7
22. Nxa6 Qd7 23. Nb4 Red8 24. Ree1 Nf5 25. Nc2 Qb5 26. Ne3 Nde7 27. Nxf5 Nxf5
28. Nc3 Qb3 29. d5 g6 30. Ne4 Rc2 31. Qg5 Rxd5 32. Nf6+ Kg7 33. Nxd5 exd5 34.
g4 Qf3 35. Rd2 h6 36. gxf5 hxg5 37. Rxc2 Qxf5 38. Rce2 Qg4+ 39. Kh1 1/2-1/2

[Event "Mistrzostwa Polski Juniorow Mlodszych do lat 12 - OOM Zachodniopomorskie 2023"]
[Site "Darlowek"]
[Date "1899-12-30"]
[Round "7.24"]
[White "Lewek, Jakub"]
[Black "Misiek, Marcel"]
[Result "0-1"]
[WhiteTitle "I"]
[BlackTitle "II+"]
[WhiteElo "1337"]
[BlackElo "1350"]

1. e4 e5 2. Nf3 Nc6 3. Bb5 d6 4. d4 exd4 5. Nxd4 Bd7 6. O-O Nf6 7. Nc3 Be7 8. Nxc6
bxc6 9. Bd3 O-O 10. f4 Re8 11. h3 c5 12. b3 Bc6 13. Qf3 d5 14. e5 Ne4 15. Nxd5
Qxd5 16. Rd1 Qd4+ 17. Be3 Qb4 18. a3 Qb7 19. Qf1 Bh4 0-1

[Event "Mistrzostwa Polski Juniorow Mlodszych do lat 12 - OOM Zachodniopomorskie 2023"]
[Site "Darlowek"]
[Date "1899-12-30"]
[Round "7.25"]
[White "Rabenda, Grzegorz"]
[Black "Boguszewski, Kacper"]
[Result "1-0"]
[WhiteTitle "II"]
[BlackTitle "II"]
[WhiteElo "1322"]
[BlackElo "1275"]

1. e4 c5 2. Nf3 d6 3. d4 cxd4 4. Nxd4 Nf6 5. Nc3 a6 6. Bc4 e6 7. Bg5 Be7 8. Bb3
Nbd7 9. Bxe6 fxe6 10. Nxe6 Qa5 11. Nxg7+ Kf7 12. Nf5 Nxe4 13. Qh5+ Ke6 14. Ng7+
Ke5 15. Bxe7+ Kd4 16. Qxa5 Ndc5 17. Nxe4 Nxe4 18. Rd1+ 1-0

[Event "Mistrzostwa Polski Juniorow Mlodszych do lat 12 - OOM Zachodniopomorskie 2023"]
[Site "Darlowek"]
[Date "1899-12-30"]
[Round "7.26"]
[White "Ches, Krzysztof"]
[Black "Kucinski, Jan"]
[Result "0-1"]
[WhiteTitle "II"]
[BlackTitle "II"]
[WhiteElo "1346"]
[BlackElo "1116"]

1. e4 e6 2. d4 d5 3. Nc3 dxe4 4. Nxe4 Nf6 5. Nxf6+ Qxf6 6. Bd3 Bd7 7. Nf3 h6 8.
Be3 Bc6 9. Be2 Nd7 10. Qd2 O-O-O 11. O-O-O g5 12. Nxg5 hxg5 13. Bxg5 Bh6 14. Bxh6
Qxh6 15. Qxh6 Rxh6 16. f3 Nf6 17. c3 Rg8 18. g3 Nd5 19. Rde1 Rgg6 20. Bd1 Rf6
21. g4 Rh3 22. Kd2 Ne7 23. Ref1 Ng6 24. Ke3 Rf4 25. b4 Rxg4 26. Kf2 Rgh4 27. a4
Rxh2+ 28. Rxh2 Rxh2+ 29. Kg3 Ra2 30. b5 Bd5 31. Rh1 Ra1 32. Kf2 Bb3 33. Ke2 Rxd1
34. Rxd1 Bxd1+ 35. Kxd1 Kd7 36. b6 axb6 37. a5 bxa5 38. d5 exd5 39. c4 dxc4 40.
f4 a4 41. f5 Nf4 42. f6 b5 43. Kd2 a3 44. Ke3 a2 45. Kxf4 a1=Q 46. Ke4 Ke6 47.
Kf4 Qe1 48. Kf3 Ke5 49. Kg4 Qf1 50. Kg3 Ke4 51. Kh2 Qxf6 52. Kh1 Qg7 53. Kh2 Kf3
54. Kh3 Qh7# 0-1

[Event "Mistrzostwa Polski Juniorow Mlodszych do lat 12 - OOM Zachodniopomorskie 2023"]
[Site "Darlowek"]
[Date "1899-12-30"]
[Round "8.1"]
[White "Rozanski, Mateusz"]
[Black "Pawlicz, Filip"]
[Result "1-0"]
[WhiteTitle "I"]
[BlackTitle "II"]
[WhiteElo "1693"]
[BlackElo "1429"]

1. e4 c5 2. Nf3 Nc6 3. d4 cxd4 4. Nxd4 g6 5. c4 Nf6 6. Nc3 Nxd4 7. Qxd4 d6 8. Be3
Bg7 9. f3 O-O 10. Qd2 Bd7 11. Be2 a5 12. b3 Bc6 13. O-O Nd7 14. Rab1 Qc7 15. Rfc1
Rfb8 16. a3 Qd8 17. Bf1 b6 18. Nb5 Nf8 19. Nd4 Bd7 20. f4 Ne6 21. Nxe6 fxe6 22.
Bd3 Qc7 23. Qf2 Qb7 24. Qh4 Bf6 25. Qg4 Kh8 26. e5 Bg7 27. Qh4 Be8 28. Rf1 d5
29. Rf3 dxc4 30. Rh3 h5 31. bxc4 Qd7 32. Be2 Kg8 33. g4 Bf7 34. gxh5 Kf8 35. Qg5
gxh5 36. Rg3 1-0

[Event "Mistrzostwa Polski Juniorow Mlodszych do lat 12 - OOM Zachodniopomorskie 2023"]
[Site "Darlowek"]
[Date "1899-12-30"]
[Round "8.2"]
[White "Golis, Wiktor"]
[Black "Chiszko, Oskar"]
[Result "1-0"]
[WhiteTitle "I++"]
[BlackTitle "I"]
[WhiteElo "2046"]
[BlackElo "1895"]

1. e4 c6 2. d4 d5 3. f3 dxe4 4. fxe4 e5 5. Nf3 Bg4 6. c3 Nf6 7. Qb3 Bxf3 8. gxf3
Qb6 9. dxe5 Qxb3 10. axb3 Nfd7 11. Bf4 Bc5 12. Nd2 O-O 13. b4 Bb6 14. Nc4 Bc7
15. O-O-O f6 16. Bh3 Nxe5 17. Bxe5 fxe5 18. Rd3 g6 19. Rhd1 Kg7 20. Na5 c5 21.
Nxb7 cxb4 22. cxb4 Bb6 23. Nc5 Kh6 24. Ne6 Rf7 25. Bg4 g5 26. Rd6 Rf6 27. Nc7
1-0

[Event "Mistrzostwa Polski Juniorow Mlodszych do lat 12 - OOM Zachodniopomorskie 2023"]
[Site "Darlowek"]
[Date "1899-12-30"]
[Round "8.3"]
[White "Brzezina, Piotr"]
[Black "Ochedzan, Filip"]
[Result "1/2-1/2"]
[WhiteTitle "I"]
[BlackTitle "I"]
[WhiteElo "1956"]
[BlackElo "1856"]

1. d4 d5 2. c4 dxc4 3. Nf3 Nf6 4. e3 e6 5. Bxc4 c5 6. O-O a6 7. b3 cxd4 8. Nxd4
Be7 9. Bb2 b5 10. Be2 Bb7 11. a4 bxa4 12. Rxa4 Nbd7 13. Nd2 Nb6 14. Ra1 O-O 15.
Bf3 Qd7 16. Qe2 Nfd5 17. Rfd1 Nb4 18. Nc4 Nxc4 19. Qxc4 Bd5 20. Nf5 exf5 21. Bxd5
Nxd5 22. Rxd5 Qe6 23. Rda5 Qxc4 24. bxc4 Rfc8 25. g3 Rxc4 26. Rxa6 Rxa6 27. Rxa6
Rc8 28. Kg2 Bf8 29. Kf3 g6 30. Bd4 Bg7 31. Rd6 h6 32. h4 Rc7 33. h5 Kh7 34. Rd8
Re7 35. Rd6 Rc7 36. Kf4 Re7 37. Kf3 Rc7 38. Bb6 Rb7 39. Rc6 Re7 40. Rc7 Rxc7 41.
Bxc7 gxh5 42. Kf4 Kg6 43. Bd8 Bf6 44. Bxf6 Kxf6 45. Kf3 Kg5 46. Kg2 h4 47. gxh4+
Kxh4 48. f3 Kg5 49. Kh3 f4 50. e4 Kf6 51. Kh4 Ke5 52. Kg4 f6 53. Kh5 Kd4 54. Kg6
Ke3 55. Kxf6 Kxf3 56. e5 Kg3 57. e6 f3 58. e7 f2 59. e8=Q f1=Q+ 60. Kg6 Qf4 61.
Qe1+ 1/2-1/2

[Event "Mistrzostwa Polski Juniorow Mlodszych do lat 12 - OOM Zachodniopomorskie 2023"]
[Site "Darlowek"]
[Date "1899-12-30"]
[Round "8.4"]
[White "Witczak, Borys"]
[Black "Gibala, Adam"]
[Result "1/2-1/2"]
[WhiteTitle "I"]
[BlackTitle "I"]
[WhiteElo "1874"]
[BlackElo "1915"]

1. d4 Nf6 2. c4 e6 3. Nc3 c5 4. d5 exd5 5. cxd5 d6 6. Nf3 g6 7. Nd2 Na6 8. e4 Nc7
9. Be2 Bg7 10. O-O O-O 11. f4 Nfe8 12. Nf3 Bg4 13. Qb3 Bxf3 14. Bxf3 b5 15. Re1
b4 16. Ne2 Nb5 17. Be3 Qa5 18. e5 Rc8 19. Rac1 c4 20. Rxc4 Rxc4 21. Qxc4 dxe5
22. Bc5 Ned6 23. Qxb4 Qxb4 24. Bxb4 e4 25. Bg4 Bxb2 26. Rb1 Ba3 27. Bd7 Bxb4 28.
Rxb4 Nc7 29. Bc6 Rd8 30. Nc3 f5 31. Kf2 Kf8 32. Ke3 Ke7 33. g3 Nc8 34. Rb8 Nb6
35. Rxd8 Kxd8 36. Kd4 Ke7 37. g4 Kd6 38. gxf5 gxf5 39. a4 a5 40. Bb7 e3 41. Kxe3
Ncxd5+ 42. Nxd5 Nxd5+ 43. Bxd5 1/2-1/2

[Event "Mistrzostwa Polski Juniorow Mlodszych do lat 12 - OOM Zachodniopomorskie 2023"]
[Site "Darlowek"]
[Date "1899-12-30"]
[Round "8.5"]
[White "Obrycki, Tomasz"]
[Black "Radzimski, Antoni"]
[Result "0-1"]
[WhiteTitle "I"]
[BlackTitle "I++"]
[WhiteElo "1786"]
[BlackElo "1960"]

1. e4 e5 2. Nf3 Nc6 3. Bb5 a6 4. Ba4 Nf6 5. d3 b5 6. Bb3 Bc5 7. c3 d6 8. O-O h6
9. Re1 O-O 10. h3 Re8 11. Nbd2 Bb6 12. Nf1 Na5 13. Bc2 c5 14. d4 cxd4 15. cxd4
Nc6 16. d5 Ne7 17. Ng3 Ng6 18. Bd2 Bd7 19. Rc1 Rc8 20. Bb1 Qe7 21. Be3 Bxe3 22.
fxe3 Qd8 23. Rxc8 Qxc8 24. Qd2 Qc5 25. Rc1 Qb6 26. b4 Ra8 27. Ne1 a5 28. Nc2 h5
29. bxa5 Rxa5 30. Nb4 Ra3 31. Rc3 Ra4 32. a3 h4 33. Ne2 Nh7 34. Kh2 Ng5 35. Ng1
Ra8 36. Qf2 Rf8 37. Nf3 Qd8 38. Nxg5 Qxg5 39. Rc7 Bc8 40. Qc2 Qg3+ 41. Kh1 Bxh3
42. gxh3 Qxh3+ 43. Qh2 Qf3+ 44. Qg2 Qxe3 45. Nd3 h3 46. Qg4 Nf4 47. Nxf4 exf4
48. Bc2 f3 49. Qg1 f2 50. Qf1 Qg3 51. Bd3 h2 52. Qg2 Qxd3 53. Qxf2 Qxe4+ 54. Kxh2
Qxd5 0-1

[Event "Mistrzostwa Polski Juniorow Mlodszych do lat 12 - OOM Zachodniopomorskie 2023"]
[Site "Darlowek"]
[Date "1899-12-30"]
[Round "8.6"]
[White "Boryna, Szymon"]
[Black "Perucki, Maciej"]
[Result "0-1"]
[WhiteTitle "II+"]
[BlackTitle "I"]
[WhiteElo "1478"]
[BlackElo "1526"]

1. c4 g6 2. Nc3 Bg7 3. e4 d6 4. g3 c5 5. Bg2 Nc6 6. Nge2 e5 7. d3 Nge7 8. O-O O-O
9. a3 a6 10. Rb1 Rb8 11. b4 cxb4 12. axb4 b5 13. cxb5 axb5 14. Be3 Be6 15. f4
Nd4 16. Bf2 Nxe2+ 17. Nxe2 f5 18. Re1 Qd7 19. d4 fxe4 20. Bxe4 d5 21. Bc2 e4 22.
Nc1 Bg4 23. Qd2 Rf7 24. Bd1 Bh3 25. Be3 Rbf8 26. Be2 Nf5 27. Bf1 Nxe3 28. Qxe3
g5 29. Bxh3 Qxh3 30. Ne2 gxf4 31. Nxf4 Rxf4 32. gxf4 Qxe3+ 33. Rxe3 Bxd4 34. Kf2
Rxf4+ 35. Ke2 Bxe3 36. Kxe3 Rf3+ 37. Ke2 Kf7 38. Rc1 Ke6 39. Rc5 Rh3 40. Rxb5
Rxh2+ 41. Ke1 Ke5 42. Rb8 Kd4 43. b5 Kd3 44. Rd8 d4 45. b6 e3 46. Kf1 e2+ 47.
Ke1 Rh1+ 0-1

[Event "Mistrzostwa Polski Juniorow Mlodszych do lat 12 - OOM Zachodniopomorskie 2023"]
[Site "Darlowek"]
[Date "1899-12-30"]
[Round "8.7"]
[White "Smolinski, Wojciech"]
[Black "Karaszewski, Gabriel"]
[Result "1-0"]
[WhiteTitle "II"]
[BlackTitle "I"]
[WhiteElo "1439"]
[BlackElo "1769"]

1. e4 c5 2. Nf3 d6 3. Bb5+ Bd7 4. Bxd7+ Qxd7 5. c4 e5 6. Nc3 g6 7. d3 Bg7 8. a3
Nc6 9. b4 b6 10. bxc5 bxc5 11. Nd5 Nge7 12. Bg5 Nxd5 13. cxd5 Nd4 14. Nxd4 exd4
15. O-O O-O 16. Qd2 f5 17. f3 Rfb8 18. Rab1 Qa4 19. Be7 Bf8 20. Bxf8 Rxf8 21.
Rb7 Rad8 22. exf5 Rxf5 23. Re1 Rd7 24. Rb8+ Kg7 25. Ree8 Rdf7 26. Rg8+ Kf6 27.
Rbe8 Rb7 28. Ref8+ Rf7 29. Re8 Rg7 30. Qe1 Re5 31. Qh4+ g5 32. Qh6+ Rg6 33. Rgf8#
1-0